Estudios sobre el español de América
Zapisane w:
| 1. autor: | |
|---|---|
| Format: | Książka |
| Język: | hiszpański |
| Wydane: |
Caracas
Monte de Avila
1984
|
| Seria: | Biblioteca Angel Rosenblat
|
| Hasła przedmiotowe: | |
| Etykiety: |
Dodaj etykietę
Nie ma etykietki, Dołącz pierwszą etykiete!
|
MARC
| LEADER | 00000nam a2200000 a 4500 | ||
|---|---|---|---|
| 001 | UCX6364 | ||
| 003 | CL-VaPUC | ||
| 008 | 930526e19840000VE |||||||||||||||||spa|d | ||
| 082 | 0 | 4 | |a 467.98 |b ROS |2 21 |
| 100 | 0 | |a Rosenblat, Angel |e author |9 322812 | |
| 245 | 1 | 0 | |a Estudios sobre el español de América |
| 300 | |a 11 v | ||
| 942 | |c BK | ||
| 945 | |d 19930526 00:00:00 |a rbrito | ||
| 260 | |a Caracas |b Monte de Avila |c 1984 | ||
| 650 | 7 | |a ESPAÑOL HISTORIA |2 CL-VaPUC |9 316494 | |
| 650 | 7 | |a ESPAÑOL AMERICANISMOS |2 CL-VaPUC |9 322813 | |
| 583 | |a last modification |c 19930526 00:00:00 |k Rodrigo Vera | ||
| 490 | 0 | |a Biblioteca Angel Rosenblat | |
| 999 | |c 226392 |d 226390 | ||
| 952 | |0 0 |1 0 |4 0 |6 467_980000000000000_ROS_1984 |7 0 |8 A |9 224700 |a BIBEDU |b BIBEDU |d 2019-11-15 |h v.3 |i 2934663 |o 467.98 ROS 1984 |p 2934663 |r 2019-11-15 |w 2019-11-15 |y BK |k LIT | ||